[Event "Schachfestival IM 2018"]
[Site "Lueneburg"]
[Date "2018.07.08"]
[Round "4"]
[White "Light, Bjarne"]
[Black "Lubbe, Melanie"]
[Result "1/2-1/2"]
[WhiteElo "2177"]
[BlackElo "2332"]
[Annotator "NA"]
[PlyCount "216"]
[EventDate "2018.07.05"]
[EventType "tourn"]
[EventCountry "GER"]
[SourceTitle "playchess.com"]
[Source "ChessBase"]
[SourceQuality "1"]
[TimeControl "40/5400+30:1800+30"]

1. d4 {[%emt 0:00:00]} Nf6 {[%emt 0:00:00]} 2. Nf3 {[%emt 0:00:00]} g6 {[%emt 0:00:00]} 3. Bg5 {[%emt 0:00:00]} Bg7 {[%emt 0:00:00]} 4. Nbd2 {[%emt 0:00:00]} d6 {[%emt 0:01:26]} 5. e4 {[%emt 0:00:16]} O-O {[%emt 0:05:07]} 6. c3 {[%emt 0:00:28]} c5 {[%emt 0:08:46]} 7. dxc5 {[%emt 0:00:54]} dxc5 {[%emt 0:00:34]} 8. Bc4 {[%emt 0:00:11]} Nc6 {[%emt 0:02:17]} 9. Qe2 {[%emt 0:01:26] A48: 1 d4 Nf6 2 Nf3 g6: Torre, London and Colle Systems} a6 {[%emt 0:07:32]} (9... Qc7 10. O-O h6 11. Bxf6 Bxf6 12. Qe3 Bg7 13. Qxc5 b6 14. Qe3 Bb7 15. Rfd1 e6 16. Be2 Rfd8 17. Nf1 a6 18. h4 b5 19. N1h2 Rxd1+ 20. Rxd1 {1-0 (35) Harikrishna,P (2744)-Duda,J (2717) Riadh 2017}) 10. a4 {[%emt 0:01:45]} Qc7 $146 {[%emt 0:04:40]} ({Predecessor:} 10... Ng4 11. O-O Nge5 12. Nxe5 Nxe5 13. Bd5 Qc7 14. f4 e6 15. Ba2 h6 16. Bh4 Nc6 {1-0 (51) Chuprikov,D (2334)-Aminov,A (2176) Voronezh 2013}) 11. O-O {[%emt 0:05:28]} h6 {[%emt 0:02:51]} 12. Bh4 {[%emt 0:17:58]} Nh5 {[%emt 0:00:22]} 13. Rfe1 {[%emt 0:04:06]} Bg4 {[%emt 0:10:05]} 14. Qe3 {[%emt 0:04:32]} Ne5 {[%emt 0:16:00]} 15. Nxe5 {[%emt 0:07:19]} Qxe5 {[%emt 0:04:26]} 16. f3 {[%emt 0:05:59]} Bd7 {[%emt 0:01:32]} 17. a5 {[%emt 0:03:01]} Rac8 {[%emt 0:06:21]} 18. Bd5 {[%emt 0:07:51]} Bb5 {[%emt 0:07:19]} 19. Nc4 {[%emt 0:03:08]} Bxc4 {[%emt 0:02:12]} 20. Bxc4 {[%emt 0:00:05]} Rfd8 {[%emt 0:01:23]} 21. Ra3 {[%emt 0:07:32]} Rd7 {[%emt 0:02:10]} 22. Rb3 {[%emt 0:00:29]} g5 {[%emt 0:03:55]} 23. Bf2 {[%emt 0:00:10]} Nf4 {[%emt 0:00:07]} 24. Bg3 {[%emt 0:04:15]} e6 {[%emt 0:01:24]} 25. Bf2 {[%emt 0:09:27]} Bf8 {[%emt 0:00:17]} 26. g3 {[%emt 0:02:35]} Nh3+ {[%emt 0:02:11]} 27. Kg2 {[%emt 0:00:16]} Nxf2 {[%emt 0:00:04]} 28. Qxf2 {[%emt 0:00:31]} Qc7 {[%emt 0:01:33]} 29. f4 {[%emt 0:01:50]} Rcd8 {[%emt 0:01:23]} 30. f5 {[%emt 0:00:38]} Rd2 {[%emt 0:00:58]} 31. Re2 {[%emt 0:00:26]} Rxe2 {[%emt 0:00:28]} 32. Qxe2 {[%emt 0:00:06]} exf5 {[%emt 0:01:32]} 33. exf5 {[%emt 0:00:44]} Qc6+ {[%emt 0:00:50]} 34. Kh3 {[%emt 0:01:17]} Qd7 {[%emt 0:02:35]} 35. Qg4 {[%emt 0:04:37]} ({Besser ist} 35. Qe4 $16 Re8 36. Qg4) 35... Re8 {[%emt 0:00:55]} 36. Rb6 {[%emt 0:01:16]} Bd6 {[%emt 0:00:59]} 37. Qf3 {[%emt 0:02:41]} Re7 {[%emt 0:01:20]} 38. Qd5 {[%emt 0:02:59]} Be5 {[%emt 0:01:16]} 39. Qxd7 {[%emt 0:01:54]} Rxd7 {[%emt 0:00:01]} 40. Rxh6 {[%emt 0:00:42]} Kg7 {[%emt 0:01:39]} 41. Rb6 {[%emt 0:30:36]} Bf6 {[%emt 0:02:31]} 42. Bf1 {[%emt 0:00:00]} Bd8 {[%emt 0:01:58]} 43. Rb3 {[%emt 0:00:00]} Bxa5 {[%emt 0:05:07]} 44. Bg2 {[%emt 0:00:00]} b6 {[%emt 0:04:50]} 45. Bf1 {[%emt 0:00:00]} Kf6 {[%emt 0:02:46]} 46. Bxa6 {[%emt 0:00:00]} Rd2 {[%emt 0:00:15]} 47. c4 {[%emt 0:00:00]} Kxf5 {[%emt 0:00:48]} 48. Rf3+ {[%emt 0:00:00]} Kg6 {[%emt 0:00:20]} 49. Bc8 {[%emt 0:00:00]} Rxb2 {[%emt 0:00:11]} 50. Bf5+ {[%emt 0:00:00]} Kg7 {[%emt 0:00:05]} 51. Be4 {[%emt 0:00:00]} Re2 {[%emt 0:01:55]} 52. Bd3 {[%emt 0:00:00]} Rd2 {[%emt 0:00:40]} 53. Kg4 {[%emt 0:00:00]} Rxh2 {[%emt 0:02:44]} 54. Kxg5 {[%emt 0:00:00]} Bc3 {[%emt 0:01:19]} 55. g4 {[%emt 0:00:00]} Rh1 {[%emt 0:04:24]} 56. Be4 {[%emt 0:01:00]} Bd2+ {[%emt 0:00:39]} 57. Kf5 {[%emt 0:00:04]} Rc1 {[%emt 0:00:54]} 58. Bd5 {[%emt 0:00:57]} Re1 {[%emt 0:00:20]} 59. Ra3 {[%emt 0:01:03]} Re7 {[%emt 0:02:02]} 60. Rb3 {[%emt 0:00:42]} Bb4 {[%emt 0:01:13]} 61. Rd3 {[%emt 0:01:00]} Re2 {[%emt 0:00:29]} 62. Be4 {[%emt 0:01:14]} Be1 {[%emt 0:01:41]} 63. Bf3 {[%emt 0:01:08]} Rf2 {[%emt 0:00:43]} 64. Ke4 {[%emt 0:00:45]} Ba5 {[%emt 0:00:53]} 65. Kf5 {[%emt 0:00:39]} Rf1 {[%emt 0:00:37]} 66. Ke4 {[%emt 0:00:32]} Kg6 {[%emt 0:00:19]} 67. Rd5 {[%emt 0:00:51]} Rc1 {[%emt 0:00:48]} 68. Be2 {[%emt 0:00:12]} Re1 {[%emt 0:00:43]} 69. Kf3 {[%emt 0:00:08]} Kg7 {[%emt 0:00:28]} 70. Bd3 {[%emt 0:01:00]} Bc3 {[%emt 0:00:22]} 71. Rd6 {[%emt 0:01:34]} Bd4 {[%emt 0:00:27]} 72. Be2 {[%emt 0:00:20]} Rb1 {[%emt 0:00:11]} 73. Bd3 {[%emt 0:00:43]} Rb3 {[%emt 0:00:38]} 74. Ke4 {[%emt 0:00:44]} Rb2 {[%emt 0:00:19]} 75. Kd5 {[%emt 0:01:07]} Bf6 {[%emt 0:00:56]} 76. Kc6 {[%emt 0:00:18]} Bc3 {[%emt 0:02:10]} 77. Kb7 {[%emt 0:00:49]} Ba5 {[%emt 0:00:14]} 78. Kc6 {[%emt 0:00:17]} Rg2 {[%emt 0:00:39]} 79. Bf5 {[%emt 0:00:19]} Rf2 {[%emt 0:00:06]} 80. Rd7 {[%emt 0:00:44]} Rf4 {[%emt 0:00:35]} 81. Kb5 {[%emt 0:00:32]} Rf2 {[%emt 0:01:54]} 82. Be6 {[%emt 0:00:54]} Kg6 {[%emt 0:00:41]} 83. Bd5 {[%emt 0:00:10]} Rf4 {[%emt 0:00:24]} 84. Kc6 {[%emt 0:00:28]} f6 {[%emt 0:00:53]} 85. Be6 {[%emt 0:00:08]} Kg5 {[%emt 0:00:34]} 86. Rg7+ {[%emt 0:00:15]} Kh4 {[%emt 0:00:22]} 87. Rg6 {[%emt 0:00:21]} Kg3 {[%emt 0:01:04]} 88. Kb5 {[%emt 0:00:30]} Bc3 {[%emt 0:00:33]} 89. Kxb6 {[%emt 0:00:18]} Bd4 {[%emt 0:00:04]} 90. Kc6 {[%emt 0:00:38]} Re4 {[%emt 0:00:17]} 91. Kd6 {[%emt 0:01:28]} Kf4 {[%emt 0:00:24]} 92. Rg8 {[%emt 0:00:34]} Re1 {[%emt 0:00:18]} 93. Rg6 {[%emt 0:00:46]} Ra1 {[%emt 0:00:06]} 94. Bf5 {[%emt 0:00:31]} Ra6+ {[%emt 0:00:26]} 95. Kd5 {[%emt 0:00:28]} Ra8 {[%emt 0:00:35]} 96. Rg7 {[%emt 0:00:34]} Re8 {[%emt 0:00:54]} 97. Be6 {[%emt 0:00:15]} Rb8 {[%emt 0:00:30]} 98. Bf5 {[%emt 0:00:28]} Rb2 {[%emt 0:00:35]} 99. Rg8 {[%emt 0:00:23]} Rd2 {[%emt 0:00:21]} 100. Re8 {[%emt 0:00:33]} Bf2+ {[%emt 0:00:25]} 101. Ke6 {[%emt 0:00:40]} Bd4 {[%emt 0:00:23]} 102. Kd5 {[%emt 0:00:10]} Rd1 $11 {[%emt 0:00:49]} 103. Re4+ {[%emt 0:00:33]} Kg5 {[%emt 0:00:06]} 104. Re8 {[%emt 0:00:05]} Bf2+ {[%emt 0:00:28]} 105. Ke6 {[%emt 0:00:44]} Bd4 {[%emt 0:00:43]} 106. Rg8+ {[%emt 0:00:17]} Kf4 {[%emt 0:00:05]} 107. Kd5 {[%emt 0:00:03]} Re1 {[%emt 0:00:31]} 108. Be6 {[%emt 0:00:26]} Re5+ {[%emt 0:01:10]} 1/2-1/2

[Event "Schachfestival IM 2018"]
[Site "Lueneburg"]
[Date "2018.07.10"]
[Round "6"]
[White "Mirzoev, Azer"]
[Black "Wenzel, Birger"]
[Result "1-0"]
[WhiteElo "2506"]
[BlackElo "2084"]
[Annotator "ChessBase"]
[PlyCount "85"]
[EventDate "2018.07.05"]
[EventType "tourn"]
[EventCountry "GER"]
[SourceTitle "playchess.com"]
[Source "ChessBase"]
[SourceQuality "1"]
[TimeControl "40/5400+30:1800+30"]

1. d4 {[%emt 0:03:19]} d5 {[%emt 0:00:00]} 2. c4 {[%emt 0:00:05]} e6 {[%emt 0:00:00]} 3. Nc3 {[%emt 0:00:05]} a6 {[%emt 0:00:00]} 4. cxd5 {[%emt 0:00:22]} exd5 {[%emt 0:00:00]} 5. Nf3 {[%emt 0:00:14]} c6 {[%emt 0:00:06]} 6. Bf4 {[%emt 0:01:04]} Bd6 {[%emt 0:00:06]} 7. Bg3 {[%emt 0:00:09]} Ne7 {[%emt 0:04:01]} 8. e3 {[%emt 0:01:02]} O-O {[%emt 0:02:49]} 9. Qb3 {[%emt 0:00:33]} Nf5 {[%emt 0:24:35]} 10. Bd3 {[%emt 0:00:41]} Ra7 {[%emt 0:06:34]} 11. O-O-O {[%emt 0:00:33]} Be6 {[%emt 0:08:20]} 12. Qc2 {[%emt 0:01:31]} g6 {[%emt 0:01:49]} 13. Bxd6 {[%emt 0:04:44]} Nxd6 {[%emt 0:03:27]} 14. h4 {[%emt 0:00:08]} Nd7 {[%emt 0:06:08]} 15. h5 {[%emt 0:01:10]} Bf5 {[%emt 0:00:49]} 16. Bxf5 {[%emt 0:01:55]} Nxf5 {[%emt 0:00:22]} 17. Rh3 {[%emt 0:00:16]} Nf6 {[%emt 0:03:22]} 18. Ne5 {[%emt 0:01:50]} Qe8 {[%emt 0:06:01]} 19. hxg6 {[%emt 0:01:20]} fxg6 {[%emt 0:00:10]} 20. g4 {[%emt 0:01:06]} Nd6 {[%emt 0:00:14]} 21. Rdh1 {[%emt 0:00:35]} b5 {[%emt 0:00:46]} 22. f4 {[%emt 0:00:31]} Nc4 {[%emt 0:03:32]} 23. g5 {[%emt 0:04:27]} Nh5 {[%emt 0:04:41]} 24. b3 {[%emt 0:05:21]} Nd6 {[%emt 0:01:33]} 25. Kb2 {[%emt 0:04:06]} a5 {[%emt 0:00:50]} 26. Ne2 {[%emt 0:11:23]} Rc7 {[%emt 0:03:51]} 27. Nc1 {[%emt 0:04:13]} Ne4 {[%emt 0:01:14]} 28. Ncd3 {[%emt 0:00:14]} b4 {[%emt 0:01:28]} 29. Nc5 {[%emt 0:01:00]} Nd6 {[%emt 0:04:56]} 30. R1h2 {[%emt 0:03:35]} Nf5 {[%emt 0:02:21]} 31. Qd3 {[%emt 0:02:42]} Ra7 {[%emt 0:02:49]} 32. Rc2 {[%emt 0:02:44]} Nd6 {[%emt 0:02:54]} 33. Na4 {[%emt 0:01:11]} Qe6 {[%emt 0:03:14]} 34. Rh1 {[%emt 0:01:23]} Qf5 {[%emt 0:00:29]} 35. Rxc6 {[%emt 0:02:23]} Ne4 {[%emt 0:01:52]} 36. Rhc1 {[%emt 0:03:25]} Ng7 {[%emt 0:01:02]} 37. Qb5 {[%emt 0:08:10]} Rd8 {[%emt 0:00:17]} 38. Rc7 {[%emt 0:00:33]} Rxc7 {[%emt 0:00:44]} 39. Rxc7 {[%emt 0:00:08]} Nf2 {[%emt 0:00:27]} 40. Qxa5 {[%emt 0:05:40]} Nd1+ {[%emt 0:00:13]} 41. Kc1 {[%emt 0:32:43]} Nxe3 {[%emt 0:31:05]} 42. Rxg7+ {[%emt 0:04:54]} Kxg7 {[%emt 0:00:16]} 43. Qc7+ {[%emt 0:00:03]} 1-0

[Event "Schachfestival IM 2018"]
[Site "Lueneburg"]
[Date "2018.07.10"]
[Round "6"]
[White "Sriram, Jha"]
[Black "Fuchs, Judith"]
[Result "1/2-1/2"]
[WhiteElo "2409"]
[BlackElo "2289"]
[Annotator "NA"]
[PlyCount "42"]
[EventDate "2018.07.05"]
[EventType "tourn"]
[EventCountry "GER"]
[SourceTitle "playchess.com"]
[Source "ChessBase"]
[SourceQuality "1"]
[TimeControl "40/5400+30:1800+30"]

1. d4 {[%emt 0:00:43]} Nf6 {[%emt 0:00:00]} 2. Nf3 {[%emt 0:00:31]} c5 {[%emt 0:00:00]} 3. d5 {[%emt 0:00:34]} b5 {[%emt 0:00:00]} 4. Bg5 {[%emt 0:00:44]} Qb6 {[%emt 0:00:00]} 5. a4 {[%emt 0:00:09]} b4 {[%emt 0:00:15]} 6. a5 {[%emt 0:00:05]} Qd6 {[%emt 0:00:16]} 7. c4 {[%emt 0:05:56]} Ne4 {[%emt 0:08:24]} 8. Bh4 {[%emt 0:21:25]} Qh6 {[%emt 0:14:06]} 9. Nbd2 {[%emt 0:13:36]} f5 {[%emt 0:07:38]} 10. Qc1 {[%emt 0:04:48]} Nxd2 {[%emt 0:02:01]} 11. Qxd2 {[%emt 0:00:47]} Qxd2+ {[%emt 0:00:14]} 12. Kxd2 {[%emt 0:01:25]} g6 {[%emt 0:02:39]} 13. Bg3 {[%emt 0:16:02]} d6 {[%emt 0:01:44]} 14. b3 {[%emt 0:05:22]} Bg7 {[%emt 0:02:20]} 15. Rd1 {[%emt 0:00:06]} Nd7 {[%emt 0:09:51]} 16. e3 {[%emt 0:00:10]} Nf6 {[%emt 0:01:02]} 17. Bd3 {[%emt 0:00:14]} Bd7 {[%emt 0:03:52]} 18. Kc2 {[%emt 0:00:21]} O-O-O {[%emt 0:03:58]} 19. Ng5 {[%emt 0:01:42]} Rdf8 {[%emt 0:01:46]} 20. h4 {[%emt 0:04:46]} h6 {[%emt 0:02:47]} 21. Nh3 {[%emt 0:00:14]} Nh5 {[%emt 0:04:57]} 1/2-1/2

[Event "Schachfestival IM 2018"]
[Site "Lueneburg"]
[Date "2018.07.10"]
[Round "6"]
[White "Kuberczyk, Christoph"]
[Black "Simantsev, Mikhail"]
[Result "1/2-1/2"]
[WhiteElo "2225"]
[BlackElo "2434"]
[Annotator "ChessBase"]
[PlyCount "76"]
[EventDate "2018.07.05"]
[EventType "tourn"]
[EventCountry "GER"]
[SourceTitle "playchess.com"]
[Source "ChessBase"]
[SourceQuality "1"]
[TimeControl "40/5400+30:1800+30"]

1. d4 {[%emt 0:00:00]} c5 {[%emt 0:06:04]} 2. d5 {[%emt 0:00:00]} Nf6 {[%emt 0:01:43]} 3. c4 {[%emt 0:00:15]} g6 {[%emt 0:02:48]} 4. Nc3 {[%emt 0:00:11]} Bg7 {[%emt 0:00:10]} 5. e4 {[%emt 0:00:43]} d6 {[%emt 0:04:24]} 6. h3 {[%emt 0:00:33]} O-O {[%emt 0:02:24]} 7. Nf3 {[%emt 0:00:27]} e6 {[%emt 0:00:26]} 8. Bd3 {[%emt 0:00:18]} exd5 {[%emt 0:00:05]} 9. exd5 {[%emt 0:00:08]} Re8+ {[%emt 0:01:36]} 10. Be3 {[%emt 0:00:11]} Nh5 {[%emt 0:15:00]} 11. O-O {[%emt 0:01:37]} f5 {[%emt 0:01:08]} 12. Qd2 {[%emt 0:12:55]} Nd7 {[%emt 0:04:05]} 13. Rfe1 {[%emt 0:23:38]} a6 {[%emt 0:12:53]} 14. Bg5 {[%emt 0:05:46]} Ndf6 {[%emt 0:12:20]} 15. Bh6 {[%emt 0:15:06]} Bd7 {[%emt 0:03:21]} 16. Bxg7 {[%emt 0:00:40]} Nxg7 {[%emt 0:05:20]} 17. Rxe8+ {[%emt 0:02:53]} Qxe8 {[%emt 0:00:37]} 18. Re1 {[%emt 0:00:24]} Qf8 {[%emt 0:01:30]} 19. a4 {[%emt 0:09:42]} Re8 {[%emt 0:02:20]} 20. a5 {[%emt 0:02:52]} Rxe1+ {[%emt 0:02:09]} 21. Qxe1 {[%emt 0:00:18]} Qd8 {[%emt 0:00:21]} 22. Ne2 {[%emt 0:00:46]} b6 {[%emt 0:01:04]} 23. axb6 {[%emt 0:03:14]} Qxb6 {[%emt 0:01:25]} 24. Qc3 {[%emt 0:02:06]} Nfe8 {[%emt 0:08:49]} 25. Nf4 {[%emt 0:00:59]} a5 {[%emt 0:01:33]} 26. g3 Qd8 27. h4 {[%emt 0:05:51]} Nf6 {[%emt 0:03:45]} 28. b3 {[%emt 0:00:59]} Nfh5 {[%emt 0:00:18]} 29. Nxh5 {[%emt 0:06:07]} Nxh5 {[%emt 0:00:02]} 30. Ng5 {[%emt 0:00:30]} h6 {[%emt 0:02:53]} 31. Qh8+ {[%emt 0:01:09]} Kxh8 {[%emt 0:00:10]} 32. Nf7+ {[%emt 0:00:01]} Kg7 {[%emt 0:00:31]} 33. Nxd8 {[%emt 0:00:05]} Kf6 {[%emt 0:01:37]} 34. Nb7 {[%emt 0:00:09]} Ke5 {[%emt 0:01:24]} 35. Nxa5 {[%emt 0:03:42]} Kd4 {[%emt 0:00:01]} 36. Be2 {[%emt 0:00:35]} Nf6 {[%emt 0:00:01]} 37. Nb7 {[%emt 0:02:49]} Ne8 {[%emt 0:00:01]} 38. f4 {[%emt 0:00:30]} h5 {[%emt 0:02:55]} 1/2-1/2

[Event "Schachfestival IM 2018"]
[Site "Lueneburg"]
[Date "2018.07.10"]
[Round "6"]
[White "Light, Bjarne"]
[Black "Polster, Christian"]
[Result "0-1"]
[WhiteElo "2177"]
[BlackElo "2286"]
[Annotator "ChessBase"]
[PlyCount "68"]
[EventDate "2018.07.05"]
[EventType "tourn"]
[EventCountry "GER"]
[SourceTitle "playchess.com"]
[Source "ChessBase"]
[SourceQuality "1"]
[TimeControl "40/5400+30:1800+30"]

1. d4 {[%emt 0:00:00]} Nf6 {[%emt 0:00:35]} 2. Nf3 {[%emt 0:00:00]} g6 {[%emt 0:00:10]} 3. Bg5 {[%emt 0:00:10]} Bg7 {[%emt 0:00:10]} 4. Nbd2 {[%emt 0:00:08]} O-O {[%emt 0:00:14]} 5. e4 {[%emt 0:01:38]} d5 {[%emt 0:00:35]} 6. Bd3 {[%emt 0:09:15]} c5 {[%emt 0:13:01]} 7. e5 {[%emt 0:08:03]} Nfd7 {[%emt 0:01:04]} 8. c3 {[%emt 0:00:37]} Nc6 {[%emt 0:01:27]} 9. Be3 {[%emt 0:12:53]} Qb6 {[%emt 0:03:12]} 10. b3 {[%emt 0:12:44]} cxd4 {[%emt 0:01:57]} 11. cxd4 {[%emt 0:00:10]} f6 {[%emt 0:01:20]} 12. h4 {[%emt 0:06:37]} fxe5 {[%emt 0:04:59]} 13. dxe5 {[%emt 0:04:11]} Qa5 {[%emt 0:01:54]} 14. h5 {[%emt 0:03:01]} Ndxe5 {[%emt 0:02:04]} 15. Be2 {[%emt 0:06:29]} Nxf3+ {[%emt 0:14:32]} 16. gxf3 {[%emt 0:01:03]} d4 {[%emt 0:02:09]} 17. b4 {[%emt 0:01:22]} Qf5 {[%emt 0:01:41]} 18. Qb3+ {[%emt 0:03:46]} e6 {[%emt 0:03:23]} 19. Bd3 {[%emt 0:01:42]} Qf6 {[%emt 0:02:40]} 20. Bg5 {[%emt 0:14:28]} Qxg5 {[%emt 0:00:51]} 21. Ke2 {[%emt 0:00:43]} Qd5 {[%emt 0:04:31]} 22. Bc4 {[%emt 0:02:23]} d3+ {[%emt 0:01:29]} 23. Kf1 {[%emt 0:00:40]} Nd4 {[%emt 0:02:38]} 24. Qxd3 {[%emt 0:03:49]} Qf5 {[%emt 0:00:19]} 25. hxg6 {[%emt 0:01:26]} Nxf3 {[%emt 0:03:24]} 26. gxh7+ {[%emt 0:02:13]} Kh8 {[%emt 0:00:09]} 27. Rd1 {[%emt 0:00:40]} Qxd3+ {[%emt 0:03:51]} 28. Bxd3 {[%emt 0:00:05]} Ne5 {[%emt 0:00:28]} 29. Be2 {[%emt 0:01:15]} Bd7 {[%emt 0:01:42]} 30. b5 {[%emt 0:00:42]} Be8 {[%emt 0:06:40]} 31. Ne4 {[%emt 0:00:32]} Bg6 {[%emt 0:00:43]} 32. Nc5 {[%emt 0:00:31]} Bf5 {[%emt 0:03:35]} 33. Rh4 {[%emt 0:01:08]} b6 {[%emt 0:01:20]} 34. Ne4 {[%emt 0:00:50]} Ng6 0-1

[Event "Schachfestival IM 2018"]
[Site "Lueneburg"]
[Date "2018.07.10"]
[Round "6"]
[White "Pubantz, Jan"]
[Black "Lubbe, Melanie"]
[Result "0-1"]
[WhiteElo "1997"]
[BlackElo "2332"]
[Annotator "ChessBase"]
[PlyCount "114"]
[EventDate "2018.07.05"]
[EventType "tourn"]
[EventCountry "GER"]
[SourceTitle "playchess.com"]
[Source "ChessBase"]
[SourceQuality "1"]
[TimeControl "40/5400+30:1800+30"]

1. Nf3 {[%emt 0:00:20]} d6 {[%emt 0:00:00]} 2. d4 {[%emt 0:01:32]} Bg4 {[%emt 0:00:00]} 3. g3 {[%emt 0:16:21]} Nd7 {[%emt 0:04:02]} 4. Bg2 {[%emt 0:00:27]} c6 {[%emt 0:00:37]} 5. O-O {[%emt 0:01:02]} Ngf6 {[%emt 0:00:19]} 6. c4 {[%emt 0:01:40]} e5 {[%emt 0:01:39]} 7. Nc3 {[%emt 0:05:39]} Be7 {[%emt 0:03:25]} 8. b3 {[%emt 0:07:06]} O-O {[%emt 0:00:40]} 9. Bb2 {[%emt 0:01:17]} Re8 {[%emt 0:01:10]} 10. d5 {[%emt 0:10:02]} a5 {[%emt 0:07:16]} 11. h3 {[%emt 0:06:27]} Bh5 {[%emt 0:01:49]} 12. dxc6 {[%emt 0:02:19]} bxc6 {[%emt 0:00:06]} 13. Nh4 {[%emt 0:02:09]} Qc7 {[%emt 0:19:04]} 14. Nf5 {[%emt 0:00:39]} Rad8 {[%emt 0:01:19]} 15. Nxe7+ {[%emt 0:02:31]} Rxe7 {[%emt 0:00:04]} 16. Qd2 {[%emt 0:02:41]} Nc5 {[%emt 0:02:33]} 17. Rfd1 {[%emt 0:02:26]} Red7 {[%emt 0:04:08]} 18. Rac1 {[%emt 0:03:13]} Qb6 {[%emt 0:01:44]} 19. Qe3 {[%emt 0:10:29]} Qc7 {[%emt 0:07:49]} 20. Rd2 {[%emt 0:10:35]} h6 {[%emt 0:12:47]} 21. Rcd1 {[%emt 0:00:21]} Bg6 {[%emt 0:01:30]} 22. Kh2 {[%emt 0:04:23]} Ne8 {[%emt 0:02:09]} 23. Qf3 {[%emt 0:01:10]} Rc8 {[%emt 0:01:26]} 24. h4 {[%emt 0:01:08]} f5 {[%emt 0:02:59]} 25. Bh3 {[%emt 0:00:31]} Rf7 {[%emt 0:01:57]} 26. Ba3 {[%emt 0:01:30]} Nb7 {[%emt 0:02:54]} 27. e4 {[%emt 0:02:56]} fxe4 {[%emt 0:01:53]} 28. Qe3 {[%emt 0:00:08]} Rf3 {[%emt 0:02:16]} 29. Qe1 {[%emt 0:01:47]} Rxc3 {[%emt 0:02:56]} 30. Bxc8 {[%emt 0:00:28]} Qxc8 {[%emt 0:00:06]} 31. Rxd6 {[%emt 0:00:35]} Nbxd6 {[%emt 0:01:48]} 32. Qxc3 {[%emt 0:00:16]} Qf5 {[%emt 0:03:50]} 33. Qe3 {[%emt 0:01:10]} Nf6 {[%emt 0:00:53]} 34. Kg1 {[%emt 0:00:59]} Ng4 {[%emt 0:01:42]} 35. Qe2 {[%emt 0:00:25]} Nf7 {[%emt 0:00:39]} 36. Bc5 {[%emt 0:00:27]} Bh5 {[%emt 0:01:03]} 37. Qd2 {[%emt 0:00:42]} Nf6 {[%emt 0:01:55]} 38. Re1 {[%emt 0:00:20]} Bf3 {[%emt 0:00:19]} 39. Kh2 {[%emt 0:00:19]} g5 {[%emt 0:02:10]} 40. a3 {[%emt 0:00:55]} gxh4 {[%emt 0:01:58]} 41. gxh4 {[%emt 0:01:08]} Kh7 {[%emt 0:00:41]} 42. Rg1 {[%emt 0:06:42]} Qh5 {[%emt 0:00:41]} 43. Kh3 {[%emt 0:01:15]} Ng5+ {[%emt 0:09:00]} 44. Rxg5 {[%emt 0:00:08]} hxg5 {[%emt 0:00:03]} 45. Qxg5 {[%emt 0:00:07]} Qxg5 {[%emt 0:00:22]} 46. hxg5 {[%emt 0:00:04]} Nd7 {[%emt 0:00:25]} 47. Bd6 {[%emt 0:00:05]} Kg6 {[%emt 0:02:02]} 48. Kh4 {[%emt 0:00:14]} c5 {[%emt 0:02:56]} 49. b4 {[%emt 0:02:17]} cxb4 {[%emt 0:00:38]} 50. axb4 {[%emt 0:00:19]} a4 {[%emt 0:02:08]} 51. b5 {[%emt 0:00:45]} Be2 {[%emt 0:00:14]} 52. b6 {[%emt 0:00:13]} Nxb6 {[%emt 0:00:12]} 53. Bxe5 {[%emt 0:01:11]} Nxc4 {[%emt 0:00:12]} 54. Bf6 {[%emt 0:00:42]} a3 {[%emt 0:00:34]} 55. Kg3 {[%emt 0:00:54]} Kf5 {[%emt 0:00:17]} 56. Ba1 {[%emt 0:01:36]} Kxg5 {[%emt 0:00:13]} 57. Kg2 {[%emt 0:01:46]} Nd2 {[%emt 0:00:23]} 0-1

[Event "Schachfestival IM 2018"]
[Site "Lueneburg"]
[Date "2018.07.11"]
[Round "7"]
[White "Lubbe, Melanie"]
[Black "Kuberczyk, Christoph"]
[Result "1-0"]
[WhiteElo "2332"]
[BlackElo "2225"]
[Annotator "NA"]
[PlyCount "75"]
[EventDate "2018.07.05"]
[EventType "tourn"]
[EventCountry "GER"]
[SourceTitle "playchess.com"]
[Source "ChessBase"]
[SourceQuality "1"]
[TimeControl "40/5400+30:1800+30"]

1. e4 {[%emt 0:00:00]} Nf6 {[%emt 0:00:00]} 2. e5 {[%emt 0:00:00]} Nd5 {[%emt 0:00:00]} 3. d4 {[%emt 0:00:00]} d6 {[%emt 0:00:00]} 4. c4 {[%emt 0:00:00]} Nb6 {[%emt 0:00:16]} 5. exd6 {[%emt 0:00:04]} cxd6 {[%emt 0:00:08]} 6. d5 {[%emt 0:03:59]} e5 {[%emt 0:12:36]} 7. Bd3 {[%emt 0:01:28]} Be7 {[%emt 0:03:12]} 8. Ne2 {[%emt 0:02:40]} O-O {[%emt 0:03:20]} 9. b3 {[%emt 0:06:04]} a5 {[%emt 0:20:22]} 10. Nbc3 {[%emt 0:07:47]} Na6 {[%emt 0:02:42]} 11. O-O {[%emt 0:05:17]} a4 {[%emt 0:04:43]} 12. Be3 {[%emt 0:02:55]} axb3 {[%emt 0:12:54]} 13. axb3 {[%emt 0:00:32]} Bg5 {[%emt 0:00:55]} 14. f4 {[%emt 0:08:24]} exf4 {[%emt 0:00:14]} 15. Nxf4 {[%emt 0:01:08]} Nd7 {[%emt 0:08:58]} 16. Ne4 {[%emt 0:09:00]} Ne5 {[%emt 0:01:05]} 17. Nxg5 {[%emt 0:16:49]} Qxg5 {[%emt 0:00:10]} 18. Be4 {[%emt 0:05:06]} Re8 {[%emt 0:03:24]} 19. Bd2 {[%emt 0:03:54]} Ng4 {[%emt 0:05:24]} 20. Qf3 {[%emt 0:01:23]} Qe5 {[%emt 0:03:43]} 21. Bc3 {[%emt 0:05:02]} Qxe4 {[%emt 0:00:47]} 22. Rae1 {[%emt 0:01:05]} Ne3 {[%emt 0:00:05]} 23. Bd2 {[%emt 0:02:31]} Bd7 {[%emt 0:04:22]} 24. Rxe3 {[%emt 0:00:48]} Qxf3 {[%emt 0:00:29]} 25. Rexf3 {[%emt 0:00:16]} b5 {[%emt 0:01:50]} 26. Rg3 {[%emt 0:01:28]} Bf5 {[%emt 0:04:36]} 27. Bc3 {[%emt 0:04:28]} Bg6 {[%emt 0:00:07]} 28. h4 {[%emt 0:03:16]} Nc5 {[%emt 0:01:27]} 29. Bd4 {[%emt 0:01:25]} Ne4 {[%emt 0:00:12]} 30. Re3 {[%emt 0:00:13]} Nd2 {[%emt 0:01:50]} 31. Rfe1 {[%emt 0:00:48]} Rxe3 {[%emt 0:00:11]} 32. Bxe3 {[%emt 0:00:44]} Nxb3 {[%emt 0:01:05]} 33. cxb5 {[%emt 0:00:06]} Nc5 {[%emt 0:01:47]} 34. Bxc5 {[%emt 0:02:35]} dxc5 {[%emt 0:00:01]} 35. b6 {[%emt 0:00:40]} Kf8 {[%emt 0:01:35]} 36. Nxg6+ {[%emt 0:00:56]} fxg6 {[%emt 0:01:16]} 37. d6 {[%emt 0:00:04]} Rd8 {[%emt 0:01:20]} 38. b7 {[%emt 0:00:17]} 1-0